| 000 | 09018nam a2200697 a 4500 | ||
|---|---|---|---|
| 005 | 20070430101053.0 | ||
| 008 | 061121s2007 ii a b 001 0 eng | ||
| 010 | _aB-279153-187 | ||
| 020 |
_a8128817000 _c150.00 |
||
| 020 |
_a9788128817007 _c150.00 |
||
| 035 | _aB-279153-187 | ||
| 037 | _bDiamond Pocket Books/DPB-918/30.5.08/48/16.5.08/11.7.08 | ||
| 040 |
_adpl _bEnglish |
||
| 082 | _a181.499 | ||
| 100 | _aBharti, Ageh | ||
| 245 |
_aBlessed days with Osho / _cby Ageh Bharti; edited by Jyoti Arora |
||
| 260 |
_aNew Delhi _bDiamond Pocket Books _c2007 |
||
| 270 |
_aX-30, Okhla Industrial Area, Phase-II, New Delhi-110020 _bNew Delhi _e110020 |
||
| 300 |
_axviii, 290p. _b _c22 cm (pbk) |
||
| 490 | _aA.H.W. Sameer Series | ||
| 700 | _aArora, Jyoti | ||
| 942 |
_2ddc _cEN _mBHA _h181.499 |
||
| 999 |
_c23490 _d23490 |
||